Statistics for Largest cities in Alabama

Click here to take the quiz!

General Stats

  • This quiz has been taken 13 times
  • The average score is 6 of 7

Answer Stats

Answer % Correct
Birmingham
100%
Montgomery
100%
Mobile
100%
Tuscaloosa
92%
Huntsville
85%
Dothan
69%
Hoover
54%

Score Distribution

Percentile by Number Answered

Percent of People with Each Score

Your Score History

You have not taken this quiz